Score 0/18 Timer 04:00
8 Plays Today
Translation Song % Correct
Boy of small drummerThe Little Drummer Boy
90.5%
Cool snowmanFrosty The Snowman
86.4%
O comes faithful all YeO Come, All Ye Faithful
85.5%
I the mother looked at that it kisses to Santa ClausI Saw Mommy Kissing Santa Claus
79.1%
Listen! You sing the angel of the heraldHark! The Herald Angels Sing
77.7%
The country of wonder of winterWinter Wonderland
77.7%
Being cheerful, small Christmas have you yourselfHave Yourself A Merry Little Christmas
76.9%
Baby of SantaSanta Baby
76.2%
Desired everything is the tooth of my two ago because of Christmas with meAll I Want For Christmas Is My Two Front Teeth
75.2%
Translation Song % Correct
Stone of jingle bellJingle Bell Rock
74.6%
You inquire about those which I hear?Do You Hear What I Hear?
73.5%
The grandmother obtained operation with the reindeerGrandma Got Run Over By A Reindeer
71%
We desire Mary ChristmasWe Wish You A Merry Christmas
66.3%
Is desired everything because of Christmas with meAll I Want For Christmas Is You
60.5%
Being pleasant, old saint NikolausJolly Old Saint Nicholas
48.2%
Riding in a car of sledSleigh Ride
47.7%
I think that we want the hippopotamus because of ChristmasI Want A Hippopotamus For Christmas
41%
Mary you knew?Mary Did You Know
38.2%

You're not logged in!

Compare scores with friends on all Sporcle quizzes.
OR
Log In

Sporcle TV

Today on Sporcle TV


Watch our educational content, quiz creation guides, and fun videos on Sporcle TV.

Show Comments

Extras

Top Quizzes Today


Score Distribution

Paid Content

Your Account Isn't Verified!

In order to create a playlist on Sporcle, you need to verify the email address you used during registration. Go to your Sporcle Settings to finish the process.

Report this User

Report this user for behavior that violates our Community Guidelines.

Details: